Happiness Gain & Retain (Record no. 94839)

MARC details
000 -LEADER
fixed length control field 00517nam a2200217Ia 4500
005 - DATE AND TIME OF LATEST TRANSACTION
control field 20251122104708.0
008 - FIXED-LENGTH DATA ELEMENTS--GENERAL INFORMATION
fixed length control field 230125s9999 xx 000 0 und d
020 ## - INTERNATIONAL STANDARD BOOK NUMBER
International Standard Book Number 9788130910741
041 ## - LANGUAGE CODE
Language code of text/sound track or separate title eng
082 ## - DEWEY DECIMAL CLASSIFICATION NUMBER
Classification number 158.1
Item number SIN
100 ## - MAIN ENTRY--PERSONAL NAME
Author Singh
245 ## - TITLE STATEMENT
Title Happiness Gain & Retain
250 ## - EDITION STATEMENT
Edition statement Ed.1st
260 ## - PUBLICATION, DISTRIBUTION, ETC.
Date of publication, distribution, etc. 2014
Name of publisher, distributor, etc. Viva Books
Place of publication, distribution, etc. New Delhi
300 ## - PHYSICAL DESCRIPTION
Extent 141p
500 ## - GENERAL NOTE
Keywords Personality Development<br/>
650 ## - SUBJECT ADDED ENTRY--TOPICAL TERM
Topical term or geographic name entry element Personality Development
700 ## - ADDED ENTRY--PERSONAL NAME
Personal name Singh
942 ## - ADDED ENTRY ELEMENTS (KOHA)
Koha item type Books
906 ## - LOCAL DATA ELEMENT F, LDF (RLIN)
b 60.45
Holdings
Withdrawn status Lost status Damaged status Not for loan Home library Current library Date acquired Vendor Net Price Bill number Total Checkouts Total Renewals Full call number Barcode Date last seen Date last checked out Actual Price Bill Date Koha item type Original Barcode
        Smt. Hiraben Nanavati Institute of Management & Research for Women Smt. Hiraben Nanavati Institute of Management & Research for Women 17/03/2017 Suyog Enterprises 195.00 SE/SI/3795 2 1 158.1 SIN B15725 HIMR-BK-15725 24/10/2024 17/10/2024 134.55 22/02/2017 Books B15725
        Smt. Hiraben Nanavati Institute of Management & Research for Women Smt. Hiraben Nanavati Institute of Management & Research for Women 29/02/2020 Forward Books 195.00 11222 1 1 158.1 SIN B20233 HIMR-BK-20233 21/08/2024 13/08/2024 140.40 25/01/2023 Books B20233
        Smt. Hiraben Nanavati Institute of Management & Research for Women Smt. Hiraben Nanavati Institute of Management & Research for Women 29/02/2020 Forward Books 195.00 11222     158.1 SIN B20234 HIMR-BK-20234 25/01/2023   140.40 25/01/2023 Books B20234